| 000 | 00723nam a22002297a 4500 | ||
|---|---|---|---|
| 999 |
_c1272 _d1272 |
||
| 003 | AR-CdUCM | ||
| 008 | 190226b ||||| |||| 00| 0 spa d | ||
| 020 | _a8482801090 | ||
| 040 |
_aMUNICIPALIDAD PROVINCIAL DEL CUSCO _cBIBLIOTECA MUNICIPAL DEL CUSCO |
||
| 082 |
_a869.56 / _bM41 |
||
| 100 |
_aMelville, Herman _91506 |
||
| 245 |
_aBenito Cereno Billy Budd, Marinero / _cMelville, Herman |
||
| 260 |
_aColombia : _bLa Oveja Negra, _c1984. |
||
| 300 |
_a198 paginas ; _c20cm. |
||
| 505 | _aBenito Cereno -- Billy Buddmarinero. | ||
| 650 |
_aLiteratura _983 |
||
| 650 |
_aHistoria _9136 |
||
| 700 |
_aAncochea, Nicanor _94933 |
||
| 700 |
_aValverde, jose Maria _94934 |
||
| 942 |
_2ddc _cLIBROS |
||
| 945 |
_apjha _d2019-02-26 |
||